| 000 | 02149nam0a2200373 4500 | ||
|---|---|---|---|
| 001 | RU\NLR\bibl\1026608 | ||
| 005 | 20260407073240.0 | ||
| 010 |
_a5-86007-508-1 _91000 |
||
| 021 |
_aRU _b2007-47887 _92544 |
||
| 035 | _a(NLR Aleph) 001014113 | ||
| 090 |
_a657185 _c657185 |
||
| 100 | _a20061221d2006 |||y0rusy50 ca | ||
| 101 | 0 | _arus | |
| 102 | _aRU | ||
| 105 | _ay ||||||||| | ||
| 200 | 1 |
_aИз районов области сообщают... _eсвободные от оккупации районы Ленинградской области в годы Великой Отечественной войны 1941-1945 _eсборник документов _fАрх. ком. С.-Петербурга и Ленингр. обл., Центр. гос. арх. Санкт-Петербурга _g[отв. сост. Н.Ю. Черепенина, засл. работник культуры] _gотв. ред. [д.ист.н.] А.Р. Дзенискевич |
|
| 210 |
_aСанкт-Петербург _cДмитрий Буланин _d2006 |
||
| 215 |
_a625, [2] с. _d22 |
||
| 320 | _aБиблиогр. в коммент.: с. 569-588 | ||
| 320 | _aУказ. имен: с. 604-613 | ||
| 320 | _aКрат. библиогр. указ. руководителей Ленингр. обл. в 1941-1945 гг.: с. 614-618 | ||
| 606 | 1 |
_aВеликая Отечественная война _jДокументы и материалы _yЛенинградская область _z1941 - 1945 _92089449 _3RU\NLR\auth\661264807 |
|
| 686 | 1 | _aТ3(2)722.9-9(2Р-4Ле),011 | |
| 686 | 1 | _aЦ35(2)722.11(2Р-4Ле),011 | |
| 702 | 1 |
_aЧерепенина _bН. Ю. _gНадежда Юрьевна _4220 |
|
| 702 | 1 |
_4340 _8rus _7ca _aДзенискевич _bА. Р. _f1932- _gАндрей Ростиславович _3RU\NLR\auth\775128 _9115096 |
|
| 712 | 0 | 2 |
_4570 _aЦентральный государственный архив Санкт-Петербурга _3RU\NLR\AUTH\8810037057 _9572813 |
| 801 | 0 |
_aRU _bNLR _c20061221 _gRCR |
|
| 801 | 1 |
_aRU _bNLR _c20061221 |
|
| 830 | _aсост. по ЭК | ||
| 942 | _cBOOK | ||
| 980 | _aNB | ||